A Primer of conservation biology (Record no. 43205)

MARC details
000 -LEADER
fixed length control field 00461nam a2200181Ia 4500
020 ## - INTERNATIONAL STANDARD BOOK NUMBER
ISBN 9780878936236
082 ## - DEWEY DECIMAL CLASSIFICATION NUMBER
Classification number 574.4
Item number PRI
100 ## - MAIN ENTRY--AUTHOR NAME
Personal name Primack, Richard B
245 #2 - TITLE STATEMENT
Title A Primer of conservation biology
250 ## - EDITION STATEMENT
Edition statement 5
260 ## - PUBLICATION, DISTRIBUTION, ETC. (IMPRINT)
Place of publication USA
Name of publisher Sinauer Associates
Year of publication 2012
300 ## - PHYSICAL DESCRIPTION
Number of Pages 363p.
650 ## - SUBJECT ADDED ENTRY--TOPICAL TERM
Topical Term Biodiversity
650 ## - SUBJECT ADDED ENTRY--TOPICAL TERM
Topical Term Global climate change
650 ## - SUBJECT ADDED ENTRY--TOPICAL TERM
Topical Term Sustainable development
942 ## - ADDED ENTRY ELEMENTS (KOHA)
Koha item type Books
Holdings
Withdrawn status Lost status Damaged status Not for loan Home library Current library Date acquired Cost, normal purchase price Full call number Accession Number Koha item type
        RRII Library RRII Library 16/12/2021 84.99 574.4 PRI 23471 Books